[Event "IV Torneo Internazionale"]
[Site "Montecatini Terme ITA"]
[Date "1999.11.??"]
[Round "1"]
[White "Mola, Pietro"]
[Black "Naumkin, Igor"]
[Result "0-1"]
[WhiteElo "2203"]
[BlackElo "2489"]
[PlyCount "86"]
[EventDate "1999.11.06"]

1. d4 e6 2. e4 d5 3. Nc3 Bb4 4. exd5 exd5 5. Bd3 Nc6 6. a3 Ba5 7. Nge2 Nge7 8.
O-O Bf5 9. Bf4 O-O 10. Bxf5 Nxf5 11. Qd3 Bxc3 12. Qxc3 Re8 13. Rfe1 Qd7 14. Qd3
Re4 15. f3 Re7 16. g4 Nd6 17. Ng3 Rae8 18. Kf2 g6 19. Rh1 f6 20. Raf1 Nd8 21.
h4 Ne6 22. Bc1 b6 23. Kg2 c6 24. h5 g5 25. h6 Rf7 26. Rf2 f5 27. Nxf5 Nxf5 28.
gxf5 Rxf5 29. Re2 Ref8 30. Rh3 Qf7 31. Rg3 Qf6 32. c3 Qxh6 33. Qd1 Qf6 34. Qe1
Ng7 35. Re5 h6 36. Qe2 Rxe5 37. Qxe5 Qxe5 38. dxe5 Ne6 39. Rg4 Kg7 40. Ra4 Rf7
41. Be3 Kg6 42. Ra6 Kf5 43. a4 Rb7 0-1

[Event "IV Torneo Internazionale"]
[Site "Montecatini Terme ITA"]
[Date "1999.11.??"]
[Round "1"]
[White "Tomescu, Vlad"]
[Black "Corvi, Marco"]
[Result "1/2-1/2"]
[WhiteElo "2453"]
[BlackElo "2308"]
[PlyCount "27"]
[EventDate "1999.11.06"]

1. e4 e5 2. Nf3 Nc6 3. Bb5 a6 4. Ba4 Nf6 5. O-O Nxe4 6. d4 b5 7. Bb3 d5 8. dxe5
Be6 9. c3 Be7 10. Nbd2 Nc5 11. Bc2 O-O 12. Nb3 Qd7 13. Be3 Nxb3 14. axb3
1/2-1/2

[Event "IV Torneo Internazionale"]
[Site "Montecatini Terme ITA"]
[Date "1999.11.??"]
[Round "2"]
[White "De Bortoli, Peter"]
[Black "Tomescu, Vlad"]
[Result "1/2-1/2"]
[WhiteElo "2225"]
[BlackElo "2453"]
[PlyCount "99"]
[EventDate "1999.11.06"]

1. e4 c5 2. Nf3 Nc6 3. d4 cxd4 4. Nxd4 Nf6 5. Nc3 d6 6. a4 e5 7. Ndb5 h6 8. Bc4
a6 9. Na3 Be6 10. Be3 Rc8 11. Bd5 Bxd5 12. exd5 Nb8 13. Qe2 Qc7 14. O-O-O Nbd7
15. f4 Be7 16. g4 exf4 17. Bxf4 Kd8 18. h4 h5 19. Rhe1 Re8 20. gxh5 Bf8 21. Qf3
Ne5 22. Bxe5 Rxe5 23. h6 Qe7 24. Rxe5 Qxe5 25. h7 Nxh7 26. Qxf7 Be7 27. Qg8+
Nf8 28. Rf1 Kd7 29. Qf7 Nh7 30. Kb1 Rf8 31. Nc4 Qe1+ 32. Rxe1 Rxf7 33. Nb6+ Kd8
34. Re4 Bf6 35. Ne2 Re7 36. Rxe7 Kxe7 37. h5 Be5 38. a5 Nf6 39. c4 Nxh5 40. b4
Nf6 41. c5 g5 42. Kc2 Kd8 43. Kd3 g4 44. Ke3 Nd7 45. Nxd7 Kxd7 46. Nc1 Bc3 47.
Nd3 dxc5 48. bxc5 Bxa5 49. Ne5+ Kc7 50. Nxg4 1/2-1/2

[Event "IV Torneo Internazionale"]
[Site "Montecatini Terme ITA"]
[Date "1999.11.??"]
[Round "2"]
[White "Drei, Andrea"]
[Black "Skembris, Spyridon"]
[Result "1/2-1/2"]
[WhiteElo "2349"]
[BlackElo "2477"]
[PlyCount "70"]
[EventDate "1999.11.06"]

1. e4 e5 2. Nf3 Nc6 3. d4 exd4 4. Nxd4 Qf6 5. Nxc6 Bc5 6. Qd2 dxc6 7. Nc3 Be6
8. Na4 Rd8 9. Bd3 Bd4 10. O-O Ne7 11. c3 b5 12. cxd4 Qxd4 13. Qc2 Qxa4 14. Qxa4
bxa4 15. Bc2 Bc4 16. Rd1 Rxd1+ 17. Bxd1 Bb5 18. Bf4 f5 19. exf5 Nxf5 20. Bg4
Nd6 21. Re1+ Kf7 22. Be6+ Kg6 23. g4 h5 24. h3 hxg4 25. hxg4 c5 26. Kg2 Bc6+
27. f3 Re8 28. Re5 c4 29. Rc5 Bxf3+ 30. Kxf3 Rxe6 31. Rxc7 a3 32. bxa3 Nb5 33.
Rxc4 Nxa3 34. Rc5 a6 35. Be5 Nc4 1/2-1/2

[Event "IV Torneo Internazionale"]
[Site "Montecatini Terme ITA"]
[Date "1999.11.??"]
[Round "2"]
[White "Naumkin, Igor"]
[Black "Beggi, Pierluigi"]
[Result "1-0"]
[WhiteElo "2489"]
[BlackElo "2170"]
[PlyCount "73"]
[EventDate "1999.11.06"]

1. d4 Nf6 2. Nf3 g6 3. c4 Bg7 4. Nc3 d5 5. cxd5 Nxd5 6. Bd2 O-O 7. e4 Nb6 8.
Be3 Nc6 9. h3 e5 10. d5 Ne7 11. a4 f5 12. a5 Nd7 13. Qb3 Kh8 14. Ng5 Nf6 15.
Rd1 h6 16. Ne6 Bxe6 17. dxe6 Qc8 18. g4 Nxe4 19. Nxe4 fxe4 20. a6 bxa6 21. Qc4
Rd8 22. Rxd8+ Qxd8 23. Bg2 Rb8 24. O-O Qd5 25. Qxa6 Qd6 26. Qxa7 Rxb2 27. Bxe4
Qxe6 28. Qxc7 Rb4 29. Bg2 Rc4 30. Qd8+ Kh7 31. Rd1 Nc6 32. Qd5 Qxd5 33. Bxd5
Rc3 34. h4 Bf6 35. Be4 Ne7 36. Rd7 Rc4 37. g5 1-0

[Event "IV Torneo Internazionale"]
[Site "Montecatini Terme ITA"]
[Date "1999.11.??"]
[Round "2"]
[White "Trabert, Bettina"]
[Black "Mola, Pietro"]
[Result "1-0"]
[WhiteElo "2301"]
[BlackElo "2203"]
[PlyCount "83"]
[EventDate "1999.11.06"]

1. e4 e5 2. Nf3 Nf6 3. Nc3 Bb4 4. Nxe5 Bxc3 5. dxc3 O-O 6. Be2 Re8 7. Nd3 Nxe4
8. Nf4 d6 9. O-O Nd7 10. f3 Nec5 11. c4 a5 12. a4 Nb6 13. b3 Qf6 14. Rb1 Bf5
15. g4 Bd7 16. Nh5 Qe5 17. Rf2 Ne6 18. Bb2 Qc5 19. h4 Re7 20. Qd3 Rae8 21. Bf1
d5 22. Bxg7 dxc4 23. bxc4 Nf4 24. Nxf4 Kxg7 25. Nh5+ Kf8 26. Nf6 Re3 27. Qxd7
R3e6 28. Rxb6 cxb6 29. Nxe8 Rxe8 30. Qd5 Qe3 31. Qd6+ Kg8 32. Qd2 Qa3 33. Kg2
Qxa4 34. Qg5+ Kh8 35. Qf6+ Kg8 36. Qg5+ Kh8 37. Qf6+ Kg8 38. Qxb6 Qa1 39. Qxb7
a4 40. c5 a3 41. Bc4 Rf8 42. Qb3 1-0

[Event "IV Torneo Internazionale"]
[Site "Montecatini Terme ITA"]
[Date "1999.11.??"]
[Round "2"]
[White "Vezzosi, Paolo"]
[Black "Corvi, Marco"]
[Result "1-0"]
[WhiteElo "2329"]
[BlackElo "2308"]
[PlyCount "95"]
[EventDate "1999.11.06"]

1. d4 Nf6 2. c4 g6 3. Nc3 Bg7 4. e4 d6 5. Be2 O-O 6. Nf3 e5 7. Be3 Nc6 8. d5
Ne7 9. Nd2 c6 10. b4 Ne8 11. Nb3 cxd5 12. cxd5 f5 13. f3 fxe4 14. fxe4 Kh8 15.
Qd2 Nf6 16. O-O Bd7 17. Rac1 a6 18. Na5 Rb8 19. a4 Neg8 20. Bf3 Bg4 21. h3 Bxf3
22. Rxf3 Nh5 23. Rxf8 Qxf8 24. Ne2 Qe7 25. Rc4 Rf8 26. b5 axb5 27. axb5 Qf7 28.
Qe1 Nf4 29. Nxf4 exf4 30. Bf2 f3 31. Qe3 fxg2 32. Kxg2 Nf6 33. b6 Nh5 34. Rc7
Qf6 35. Nc4 Nf4+ 36. Kh2 Nd3 37. Bg3 Nb2 38. e5 Qf1 39. Nxd6 Bh6 40. Qg1 Qe2+
41. Qg2 Qxg2+ 42. Kxg2 Nd1 43. Nf7+ Kg7 44. e6 Ne3+ 45. Kg1 Nxd5 46. Be5+ Nf6
47. Nxh6+ Kxh6 48. e7 1-0

[Event "IV Torneo Internazionale"]
[Site "Montecatini Terme ITA"]
[Date "1999.11.??"]
[Round "3"]
[White "Beggi, Pierluigi"]
[Black "Trabert, Bettina"]
[Result "1/2-1/2"]
[WhiteElo "2170"]
[BlackElo "2301"]
[PlyCount "114"]
[EventDate "1999.11.06"]

1. d4 d5 2. Nf3 c6 3. g3 Bg4 4. Bg2 Nd7 5. O-O e6 6. b3 Bd6 7. c4 Ngf6 8. Bb2
Qb8 9. Nc3 O-O 10. Qd2 h6 11. a4 a5 12. Ne1 Rd8 13. e4 dxe4 14. Nxe4 Nxe4 15.
Bxe4 e5 16. Qc2 exd4 17. Bxd4 Be5 18. Bb2 Nc5 19. Bf3 Bxb2 20. Qxb2 Bxf3 21.
Nxf3 Rd3 22. Ne5 Rxb3 23. Qd4 Qf8 24. Rfd1 Rb4 25. Qf4 Qe7 26. Qf5 Rf8 27. Rd4
Qe6 28. Qxe6 Nxe6 29. Rd7 Nc5 30. Rc7 Nxa4 31. Nd3 Rxc4 32. Re1 b5 33. Ree7 Nc3
34. Ra7 Nd5 35. Reb7 a4 36. Ne5 Rc1+ 37. Kg2 Re1 38. Ng6 Ree8 39. Nxf8 Rxf8 40.
Kf3 Nc3 41. Rc7 b4 42. Rxc6 Rb8 43. Rxc3 bxc3 44. Rxa4 Rb2 45. Ra8+ Kh7 46. Rc8
Rc2 47. Ke3 g5 48. Rc6 Kg7 49. Rc4 Kg6 50. h4 f6 51. hxg5 hxg5 52. Rc6 Kf5 53.
Rc4 Ke5 54. Rc6 g4 55. Rc4 f5 56. Rc5+ Ke6 57. Rc8 Rc1 1/2-1/2

[Event "IV Torneo Internazionale"]
[Site "Montecatini Terme ITA"]
[Date "1999.11.??"]
[Round "3"]
[White "Corvi, Marco"]
[Black "De Bortoli, Peter"]
[Result "1-0"]
[WhiteElo "2308"]
[BlackElo "2225"]
[PlyCount "97"]
[EventDate "1999.11.06"]

1. c4 e5 2. Nc3 Nf6 3. Nf3 Nc6 4. e3 Bb4 5. Qc2 O-O 6. Nd5 Bd6 7. a3 Nxd5 8.
cxd5 Ne7 9. Bc4 b5 10. Ba2 Kh8 11. e4 f5 12. d4 fxe4 13. Nxe5 Ng6 14. Qxe4 Qf6
15. Nxg6+ hxg6 16. Be3 Bb7 17. O-O Rae8 18. Qg4 Qf5 19. Qxf5 Rxf5 20. Rfe1 Kh7
21. g4 Rff8 22. Kg2 Bf4 23. Bxf4 Rxe1 24. Rxe1 Rxf4 25. Re7 Rxg4+ 26. Kf3 Rxd4
27. Ke3 Rd1 28. Rxd7 a5 29. Rxc7 Bxd5 30. Rd7 Bb3 31. Rxd1 Bxd1 32. b4 axb4 33.
axb4 Kh6 34. Bd5 Kg5 35. Bc6 Ba4 36. Bd7 Kf6 37. Be8 g5 38. Kd4 Ke7 39. Bg6 Kd6
40. Bd3 Kc6 41. Ke5 Bb3 42. Be4+ Kd7 43. Bd3 Kc6 44. Kf5 Bc4 45. Bb1 Kd5 46.
Kxg5 Kd4 47. Kg6 Kc3 48. Kxg7 Kxb4 49. h4 1-0

[Event "IV Torneo Internazionale"]
[Site "Montecatini Terme ITA"]
[Date "1999.11.??"]
[Round "3"]
[White "Mola, Pietro"]
[Black "Drei, Andrea"]
[Result "1-0"]
[WhiteElo "2203"]
[BlackElo "2349"]
[PlyCount "117"]
[EventDate "1999.11.06"]

1. d4 Nf6 2. Bg5 e6 3. e4 h6 4. Bxf6 Qxf6 5. Nc3 d6 6. Qd2 g5 7. g3 Bg7 8. Nb5
Qe7 9. c3 a6 10. Na3 b6 11. Bg2 Bb7 12. Nc2 Nd7 13. Ne3 O-O 14. Ne2 c5 15.
O-O-O cxd4 16. cxd4 Rac8+ 17. Kb1 f5 18. exf5 Bxg2 19. Nxg2 exf5 20. Qd3 b5 21.
Ne3 Qe6 22. h4 f4 23. gxf4 gxf4 24. Nc2 f3 25. Ng3 Qc4 26. Nh5 Qxd3 27. Rxd3
Rf5 28. Ng3 Rf7 29. Rg1 Kh7 30. Ne4 Bf8 31. Nd2 Be7 32. Nxf3 Rcf8 33. Rg3 Rf4
34. Rh3 Nf6 35. Ng5+ hxg5 36. hxg5+ Kg6 37. gxf6 Bxf6 38. Rhf3 Bh4 39. Rxf4
Rxf4 40. f3 Kf7 41. Nb4 Bf2 42. Nxa6 Bxd4 43. Nc7 b4 44. Nb5 Bc5 45. Nxd6+ Bxd6
46. Rxd6 b3 47. Rd3 bxa2+ 48. Kxa2 Ke6 49. Ka3 Rf8 50. b4 Ra8+ 51. Kb3 Rb8 52.
Kc4 Rc8+ 53. Kb3 Rb8 54. f4 Kf5 55. Rd4 Kg4 56. Kc4 Rc8+ 57. Kd5 Rb8 58. Kc6
Kf3 59. b5 1-0

[Event "IV Torneo Internazionale"]
[Site "Montecatini Terme ITA"]
[Date "1999.11.??"]
[Round "3"]
[White "Skembris, Spyridon"]
[Black "Vezzosi, Paolo"]
[Result "1-0"]
[WhiteElo "2477"]
[BlackElo "2329"]
[PlyCount "103"]
[EventDate "1999.11.06"]

1. d4 e6 2. c4 Nf6 3. Nf3 Bb4+ 4. Bd2 Qe7 5. Nc3 O-O 6. g3 c5 7. a3 Bxc3 8.
Bxc3 Ne4 9. Rc1 b6 10. Bg2 Bb7 11. O-O Nxc3 12. Rxc3 Na6 13. d5 exd5 14. cxd5
d6 15. Nh4 Rad8 16. e4 Bc8 17. Re1 Nc7 18. f4 Nb5 19. Rce3 f6 20. Qd3 Nd4 21.
Nf3 Nxf3+ 22. Bxf3 Qd7 23. b4 Qa4 24. Bd1 Qa6 25. Qc3 Rde8 26. Be2 Qa4 27. Bc4
Ba6 28. Bb3 Qb5 29. Qc2 Re7 30. Ba4 Qc4 31. Qxc4 Bxc4 32. Bc6 Rb8 33. b5 a6 34.
a4 axb5 35. axb5 Ra7 36. e5 fxe5 37. fxe5 dxe5 38. Rxe5 Rd8 39. Re8+ Rxe8 40.
Rxe8+ Kf7 41. d6 Be6 42. Rb8 Ra1+ 43. Kf2 Rd1 44. Be8+ Kf6 45. Rxb6 Ke5 46. Rc6
c4 47. b6 Rxd6 48. b7 Rd8 49. Bh5 Rb8 50. Bf3 Bd7 51. Rxc4 Kd6 52. Ke3 1-0

[Event "IV Torneo Internazionale"]
[Site "Montecatini Terme ITA"]
[Date "1999.11.??"]
[Round "3"]
[White "Tomescu, Vlad"]
[Black "Naumkin, Igor"]
[Result "1/2-1/2"]
[WhiteElo "2453"]
[BlackElo "2489"]
[PlyCount "39"]
[EventDate "1999.11.06"]

1. d4 Nf6 2. Nf3 e6 3. c4 b6 4. a3 Bb7 5. Nc3 Ne4 6. Qc2 Nxc3 7. Qxc3 Be7 8. g3
O-O 9. Bg2 f5 10. O-O Bf6 11. Be3 a5 12. b4 Qe7 13. Qd2 d6 14. Bg5 Bxg5 15.
Qxg5 Qxg5 16. Nxg5 Bxg2 17. Kxg2 Re8 18. b5 h6 19. Nf3 Nd7 20. e3 1/2-1/2

[Event "IV Torneo Internazionale"]
[Site "Montecatini Terme ITA"]
[Date "1999.11.??"]
[Round "4"]
[White "Drei, Andrea"]
[Black "Beggi, Pierluigi"]
[Result "1-0"]
[WhiteElo "2349"]
[BlackElo "2170"]
[PlyCount "53"]
[EventDate "1999.11.06"]

1. e4 c5 2. Nf3 Nc6 3. d4 cxd4 4. Nxd4 e6 5. Nc3 d6 6. g4 Be7 7. Be3 a6 8. Bg2
Bd7 9. Qe2 Qc7 10. O-O-O Ne5 11. f4 Nc4 12. Nf5 Nxe3 13. Qxe3 Rc8 14. Nxe7 Kxe7
15. f5 Nf6 16. Rhf1 b5 17. g5 b4 18. gxf6+ gxf6 19. fxe6 fxe6 20. Qf2 Rhf8 21.
Nb1 Bb5 22. Rfe1 Qa5 23. Qd2 Rc6 24. e5 d5 25. exf6+ Kxf6 26. Bxd5 exd5 27.
Qh6+ 1-0

[Event "IV Torneo Internazionale"]
[Site "Montecatini Terme ITA"]
[Date "1999.11.??"]
[Round "4"]
[White "Naumkin, Igor"]
[Black "Corvi, Marco"]
[Result "1/2-1/2"]
[WhiteElo "2489"]
[BlackElo "2308"]
[PlyCount "31"]
[EventDate "1999.11.06"]

1. d4 f5 2. c4 Nf6 3. g3 g6 4. Bg2 Bg7 5. Nc3 d6 6. d5 O-O 7. Nh3 c6 8. Nf4 e5
9. dxe6 Qe7 10. O-O Na6 11. Rb1 Nc7 12. b3 Nxe6 13. Nxe6 Bxe6 14. Ba3 Rad8 15.
Qd2 Rd7 16. Rbd1 1/2-1/2

[Event "IV Torneo Internazionale"]
[Site "Montecatini Terme ITA"]
[Date "1999.11.??"]
[Round "4"]
[White "Skembris, Spyridon"]
[Black "Mola, Pietro"]
[Result "1/2-1/2"]
[WhiteElo "2477"]
[BlackElo "2203"]
[PlyCount "96"]
[EventDate "1999.11.06"]

1. d4 Nf6 2. c4 e6 3. Nf3 b6 4. g3 Ba6 5. Qa4 Bb7 6. Bg2 c5 7. dxc5 Bxc5 8. Nc3
O-O 9. O-O Be7 10. Rd1 Na6 11. Be3 Nc5 12. Bxc5 bxc5 13. Ne5 Bxg2 14. Kxg2 Qb8
15. Nxd7 Nxd7 16. Qxd7 Qxb2 17. Qxe7 Qxc3 18. Qxc5 Rfc8 19. Rac1 Qxg3+ 20. hxg3
Rxc5 21. Rd7 a5 22. Kf3 Rac8 23. Ke3 g6 24. Kd4 e5+ 25. Kd3 Kg7 26. e4 Kf6 27.
Rd5 Ke6 28. Rc3 f5 29. f3 h5 30. Rxc5 Rxc5 31. Rb3 Rc6 32. Rb5 Rd6+ 33. Ke3
fxe4 34. f4 exf4+ 35. gxf4 Rc6 36. Kd4 a4 37. Re5+ Kd7 38. Kd5 Rf6 39. Kxe4 Re6
40. c5 Rf6 41. Rd5+ Kc6 42. Rd4 Re6+ 43. Kf3 Kxc5 44. Rxa4 Rb6 45. Ra7 Kd5 46.
Ra5+ Ke6 47. Re5+ Kf6 48. a4 Rb1 1/2-1/2

[Event "IV Torneo Internazionale"]
[Site "Montecatini Terme ITA"]
[Date "1999.11.??"]
[Round "4"]
[White "Trabert, Bettina"]
[Black "Tomescu, Vlad"]
[Result "0-1"]
[WhiteElo "2301"]
[BlackElo "2453"]
[PlyCount "120"]
[EventDate "1999.11.06"]

1. e4 e5 2. Nf3 Nc6 3. d4 exd4 4. Nxd4 Qh4 5. Nc3 Bb4 6. Qd3 Nf6 7. Nxc6 dxc6
8. Bd2 Bxc3 9. Bxc3 Nxe4 10. Qd4 Bf5 11. Qe5+ Qe7 12. Qxe7+ Kxe7 13. Bxg7 Rhg8
14. Bd4 Rad8 15. c3 c5 16. Be3 b6 17. Rd1 Nd6 18. f3 Be6 19. a3 Bb3 20. Rd2 Nf5
21. Rxd8 Rxd8 22. Bd2 f6 23. Be2 a5 24. Bf4 Rd7 25. Kf2 c4 26. g4 Nd6 27. Be3
Bc2 28. h4 Kf7 29. g5 Bd3 30. Bd4 Bxe2 31. Kxe2 Nf5 32. Bf2 Re7+ 33. Kd2 fxg5
34. hxg5 Kg6 35. Rg1 a4 36. Rg4 b5 37. Bc5 Re5 38. Bf2 Re6 39. Bg1 Ne7 40. Bd4
Nd5 41. Rh4 Re7 42. f4 Kf5 43. Be5 Ke4 44. Ke2 Rf7 45. Rh6 Rd7 46. g6 hxg6 47.
Rxg6 Rh7 48. Rc6 Rh2+ 49. Ke1 Ne3 50. Bd4 Nc2+ 51. Kf1 Nxd4 52. cxd4 Kxf4 53.
Rxc7 Rxb2 54. Ke1 Ke3 55. Kd1 Kxd4 56. Kc1 Kc3 57. Rc5 Rb3 58. Kd1 b4 59. axb4
a3 60. Ra5 Kb2 0-1

[Event "IV Torneo Internazionale"]
[Site "Montecatini Terme ITA"]
[Date "1999.11.??"]
[Round "4"]
[White "Vezzosi, Paolo"]
[Black "De Bortoli, Peter"]
[Result "1-0"]
[WhiteElo "2329"]
[BlackElo "2225"]
[PlyCount "50"]
[EventDate "1999.11.06"]

1. Nf3 f5 2. d4 Nf6 3. g3 b6 4. Bg2 Bb7 5. c4 e6 6. O-O Be7 7. d5 Qc8 8. Nc3
O-O 9. Nd4 c5 10. Nc2 Re8 11. e4 fxe4 12. Ne3 exd5 13. cxd5 Bf8 14. g4 h6 15.
h4 Ba6 16. Re1 Bd3 17. g5 hxg5 18. hxg5 Nh7 19. Qh5 Re5 20. Ng4 Qe8 21. Qh4 Rf5
22. f4 d6 23. Ne3 Qf7 24. Nxf5 Qxf5 25. Bh3 Qf7 1-0

[Event "IV Torneo Internazionale"]
[Site "Montecatini Terme ITA"]
[Date "1999.11.??"]
[Round "5"]
[White "Beggi, Pierluigi"]
[Black "Skembris, Spyridon"]
[Result "1/2-1/2"]
[WhiteElo "2170"]
[BlackElo "2477"]
[PlyCount "50"]
[EventDate "1999.11.06"]

1. d4 Nf6 2. c4 e6 3. g3 d5 4. Nf3 dxc4 5. Qa4+ Bd7 6. Qxc4 Bc6 7. Bg2 Nbd7 8.
Nc3 Nb6 9. Qd3 Bb4 10. O-O O-O 11. Ng5 Bxg2 12. Kxg2 Bxc3 13. bxc3 h6 14. Ne4
Qd5 15. f3 Nxe4 16. fxe4 Qc6 17. Qf3 f6 18. Bf4 e5 19. d5 Qc4 20. Bxh6 gxh6 21.
Qg4+ Kh7 22. Qf5+ Kh8 23. Qg6 Qxe2+ 24. Kh3 Qe3 25. Rf4 exf4 1/2-1/2

[Event "IV Torneo Internazionale"]
[Site "Montecatini Terme ITA"]
[Date "1999.11.??"]
[Round "5"]
[White "De Bortoli, Peter"]
[Black "Naumkin, Igor"]
[Result "0-1"]
[WhiteElo "2225"]
[BlackElo "2489"]
[PlyCount "48"]
[EventDate "1999.11.06"]

1. d4 e6 2. e4 d5 3. Nc3 Bb4 4. exd5 exd5 5. Bd3 Nc6 6. a3 Ba5 7. Be3 Nge7 8.
Qf3 Bxc3+ 9. bxc3 Be6 10. Nh3 Qd7 11. Ng5 Bf5 12. g4 Bg6 13. c4 O-O-O 14. cxd5
Nxd5 15. Bb5 Rhe8 16. O-O h6 17. Nh3 Be4 18. Bxc6 Qxc6 19. Qxf7 Re7 20. Qh5 g5
21. c4 Nc3 22. Rfe1 Qxc4 23. f4 Bc6 24. Qg6 Ne2+ 0-1

[Event "IV Torneo Internazionale"]
[Site "Montecatini Terme ITA"]
[Date "1999.11.??"]
[Round "5"]
[White "Mola, Pietro"]
[Black "Vezzosi, Paolo"]
[Result "1/2-1/2"]
[WhiteElo "2203"]
[BlackElo "2329"]
[PlyCount "92"]
[EventDate "1999.11.06"]

1. d4 Nf6 2. Nf3 d5 3. c4 e6 4. Nc3 c6 5. e3 Nbd7 6. Qc2 Bd6 7. Bd3 dxc4 8.
Bxc4 e5 9. O-O O-O 10. Rd1 Qc7 11. h3 exd4 12. exd4 Nb6 13. Bb3 Bf4 14. Ng5
Bxc1 15. Raxc1 Qf4 16. Qd2 Qxd2 17. Rxd2 Bd7 18. Re1 h6 19. Nf3 Rfe8 20. Re5
Kf8 21. a4 Rad8 22. a5 Nc8 23. Rde2 Ne7 24. Na4 Ng6 25. Rxe8+ Bxe8 26. Nc5 Nf4
27. Rc2 b6 28. Nb7 Rb8 29. a6 Nd3 30. Nd6 c5 31. Rd2 Nc1 32. Bd1 Bc6 33. Ne5
Bd5 34. Ba4 Nb3 35. Bxb3 Bxb3 36. Nc6 Ra8 37. dxc5 bxc5 38. Nb7 Bd5 39. Ne5 c4
40. Nd6 Ke7 41. Ndxc4 Rc8 42. Ne3 Rc1+ 43. Kh2 Be6 44. b4 Ne4 45. Rb2 Kd6 46.
Nd3 Rc3 1/2-1/2

[Event "IV Torneo Internazionale"]
[Site "Montecatini Terme ITA"]
[Date "1999.11.??"]
[Round "5"]
[White "Tomescu, Vlad"]
[Black "Drei, Andrea"]
[Result "1-0"]
[WhiteElo "2453"]
[BlackElo "2349"]
[PlyCount "79"]
[EventDate "1999.11.06"]

1. e4 c5 2. Nf3 e6 3. d4 cxd4 4. Nxd4 Nf6 5. Nc3 Nc6 6. Nxc6 bxc6 7. e5 Nd5 8.
Ne4 Qc7 9. f4 Qb6 10. c4 Bb4+ 11. Ke2 f5 12. Nf2 Bc5 13. Nd3 Ne3 14. Qb3 Nxf1
15. Rxf1 Bd4 16. Qxb6 axb6 17. Be3 Bxe3 18. Kxe3 c5 19. a4 Bb7 20. a5 bxa5 21.
Nxc5 Bc6 22. Ra2 Ke7 23. Rfa1 Rhb8 24. Kd4 a4 25. Kc3 g5 26. fxg5 Rg8 27. h4 h6
28. b4 axb3 29. Rxa8 Bxa8 30. gxh6 Bxg2 31. h7 Rh8 32. Rg1 d6 33. Nxb3 Be4 34.
Rg7+ Kf8 35. Rc7 f4 36. Nd4 Rxh7 37. Nxe6+ Ke8 38. exd6 Rxc7 39. dxc7 Kd7 40.
Nc5+ 1-0

[Event "IV Torneo Internazionale"]
[Site "Montecatini Terme ITA"]
[Date "1999.11.??"]
[Round "6"]
[White "Drei, Andrea"]
[Black "Corvi, Marco"]
[Result "1/2-1/2"]
[WhiteElo "2349"]
[BlackElo "2308"]
[PlyCount "66"]
[EventDate "1999.11.06"]

1. e4 Nf6 2. e5 Nd5 3. d4 d6 4. Nf3 Bg4 5. Be2 e6 6. O-O Be7 7. c4 Nb6 8. h3
Bh5 9. Nc3 O-O 10. Be3 d5 11. c5 Bxf3 12. gxf3 Nc8 13. b4 Nc6 14. Kh2 Bh4 15.
Rg1 N8e7 16. b5 Na5 17. Bd3 Kh8 18. Qd2 g6 19. Rg4 Nf5 20. Nxd5 Qxd5 21. Bxf5
Nc4 22. Qe2 Nxe3 23. Qxe3 Bxf2 24. Qxf2 exf5 25. Rh4 h5 26. Qe3 Kh7 27. Rg1 Rg8
28. Rg2 a6 29. Qg5 Qxf3 30. Rg3 Qe2+ 31. Rg2 Qf3 32. Rg3 Qe2+ 33. Rg2 Qf3
1/2-1/2

[Event "IV Torneo Internazionale"]
[Site "Montecatini Terme ITA"]
[Date "1999.11.??"]
[Round "6"]
[White "Mola, Pietro"]
[Black "Beggi, Pierluigi"]
[Result "1-0"]
[WhiteElo "2203"]
[BlackElo "2170"]
[PlyCount "57"]
[EventDate "1999.11.06"]

1. d4 d5 2. Nf3 Nc6 3. g3 Bg4 4. Bg2 Qd7 5. O-O g6 6. c4 e6 7. cxd5 exd5 8. Bf4
Bg7 9. Nbd2 Nge7 10. Nb3 O-O 11. Nc5 Qc8 12. Ne5 Nxe5 13. Bxe5 Bxe5 14. dxe5 c6
15. Qd2 b6 16. Nd3 Bh3 17. Qg5 Bxg2 18. Kxg2 Nf5 19. Rac1 c5 20. b4 c4 21. Nf4
Qd8 22. Qf6 Rc8 23. Rfd1 Ne7 24. e4 d4 25. e6 Rc6 26. Rxd4 Qe8 27. Rdxc4 fxe6
28. Qe5 Rxc4 29. Rxc4 1-0

[Event "IV Torneo Internazionale"]
[Site "Montecatini Terme ITA"]
[Date "1999.11.??"]
[Round "6"]
[White "Trabert, Bettina"]
[Black "De Bortoli, Peter"]
[Result "0-1"]
[WhiteElo "2301"]
[BlackElo "2225"]
[PlyCount "64"]
[EventDate "1999.11.06"]

1. e4 c5 2. c3 d5 3. exd5 Qxd5 4. d4 Nc6 5. Nf3 Bg4 6. Be2 cxd4 7. cxd4 e6 8.
O-O Nf6 9. h3 Bh5 10. Nc3 Qd6 11. Be3 Be7 12. g4 Bg6 13. Ne5 O-O 14. Bf4 Qd8
15. Bf3 Rc8 16. Nxg6 hxg6 17. Be3 Qd7 18. g5 Nh7 19. h4 Rfd8 20. d5 Ne5 21. Bg2
Nc4 22. Qe2 exd5 23. Nxd5 Bd6 24. Bd4 Re8 25. Qd1 Qf5 26. f4 Nf8 27. b3 Ne6 28.
Bf2 Nxf4 29. bxc4 Ne2+ 30. Kh1 Qe5 31. Nf6+ gxf6 32. Qxd6 Qxd6 0-1

[Event "IV Torneo Internazionale"]
[Site "Montecatini Terme ITA"]
[Date "1999.11.??"]
[Round "6"]
[White "Vezzosi, Paolo"]
[Black "Naumkin, Igor"]
[Result "1/2-1/2"]
[WhiteElo "2329"]
[BlackElo "2489"]
[PlyCount "22"]
[EventDate "1999.11.06"]

1. Nf3 Nf6 2. c4 b6 3. Nc3 Bb7 4. Qc2 e6 5. e4 d5 6. cxd5 exd5 7. e5 Ne4 8. d4
Nxc3 9. bxc3 Be7 10. Bd3 h6 11. e6 Bf6 1/2-1/2

[Event "IV Torneo Internazionale"]
[Site "Montecatini Terme ITA"]
[Date "1999.11.??"]
[Round "7"]
[White "Beggi, Pierluigi"]
[Black "Vezzosi, Paolo"]
[Result "0-1"]
[WhiteElo "2170"]
[BlackElo "2329"]
[PlyCount "38"]
[EventDate "1999.11.06"]

1. d4 Nf6 2. c4 e6 3. Nc3 Bb4 4. Qc2 O-O 5. a3 Bxc3+ 6. Qxc3 b6 7. Nf3 Bb7 8.
g3 d6 9. Bg2 Nbd7 10. b4 a5 11. Bb2 axb4 12. axb4 Rxa1+ 13. Bxa1 Be4 14. O-O b5
15. Rc1 bxc4 16. Qxc4 Nd5 17. Ne5 N7b6 18. Qb3 Qg5 19. f4 Nxf4 0-1

[Event "IV Torneo Internazionale"]
[Site "Montecatini Terme ITA"]
[Date "1999.11.??"]
[Round "7"]
[White "Corvi, Marco"]
[Black "Skembris, Spyridon"]
[Result "0-1"]
[WhiteElo "2308"]
[BlackElo "2477"]
[PlyCount "94"]
[EventDate "1999.11.06"]

1. c4 e5 2. Nc3 Nf6 3. Nf3 Nc6 4. e3 Bb4 5. Qc2 O-O 6. Nd5 Re8 7. Qf5 d6 8.
Nxf6+ gxf6 9. Qh5 d5 10. cxd5 Qxd5 11. a3 Bf8 12. Be2 Na5 13. b4 Nb3 14. Rb1 a5
15. O-O Be6 16. b5 a4 17. Rd1 c6 18. bxc6 bxc6 19. Bb2 Bg7 20. d3 Rab8 21. e4
Qd7 22. d4 exd4 23. Nh4 Qd6 24. Bg4 Qf4 25. Nf5 Qg5 26. Qh3 c5 27. g3 Bxf5 28.
Bxf5 Qh6 29. Qg2 Nd2 30. f4 Nxb1 31. Rxb1 c4 32. Rd1 c3 33. Bc1 Red8 34. Qc2
Bf8 35. e5 fxe5 36. fxe5 Qh5 37. g4 Qh4 38. Rd3 Qe1+ 39. Kg2 h6 40. g5 Qxe5 41.
gxh6 Bxh6 42. Rg3+ Bg7 43. h4 Kf8 44. Rf3 Rb6 45. h5 Kg8 46. Rg3 Kh8 47. Kh3
Bh6 0-1

[Event "IV Torneo Internazionale"]
[Site "Montecatini Terme ITA"]
[Date "1999.11.??"]
[Round "7"]
[White "De Bortoli, Peter"]
[Black "Drei, Andrea"]
[Result "1-0"]
[WhiteElo "2225"]
[BlackElo "2349"]
[PlyCount "131"]
[EventDate "1999.11.06"]

1. e4 c5 2. Nf3 e6 3. d4 cxd4 4. Nxd4 Nc6 5. Be3 Nf6 6. Nd2 d5 7. c3 e5 8. Nxc6
bxc6 9. Qa4 Qc7 10. f4 Ng4 11. Bg1 exf4 12. exd5 Bd7 13. O-O-O cxd5 14. Bb5
Bxb5 15. Qxb5+ Qd7 16. Qxd7+ Kxd7 17. Nb3 Bd6 18. Rxd5 Ke6 19. c4 Rac8 20. Nd4+
Kd7 21. b3 Rc5 22. Rxc5 Bxc5 23. h3 Nf6 24. Nf3 Ba3+ 25. Kc2 Re8 26. Kd3 Bc1
27. Bxa7 Be3 28. Bd4 Bxd4 29. Nxd4 Re3+ 30. Kc2 Rg3 31. Rg1 Nh5 32. Nf3 Nf6 33.
Rd1+ Ke6 34. Rd2 Ne4 35. Re2 f5 36. h4 Kd6 37. a4 Kc7 38. b4 Rg6 39. c5 Rf6 40.
Nd2 Re6 41. Nxe4 fxe4 42. Kc3 e3 43. Kd3 Rh6 44. b5 Rxh4 45. Ra2 Rh2 46. Ke4
Rh5 47. Rc2 e2 48. Rxe2 Rxc5 49. Kxf4 Kd6 50. Re4 h5 51. Rd4+ Kc7 52. Ke4 g5
53. Kd3 h4 54. Re4 Rd5+ 55. Kc4 Rf5 56. Re7+ Kd6 57. Rg7 Rf4+ 58. Kb3 Rg4 59.
Rg6+ Kc5 60. Rc6+ Kd5 61. Rc2 Rg3+ 62. Kb4 h3 63. gxh3 Rxh3 64. b6 Rh1 65. Kb5
Rb1+ 66. Ka6 1-0